[Event "Miquel Mas op 19th"]
[Site "Castell de Sant Ferran"]
[Date "2018.08.09"]
[Round "1"]
[White "Lazaro Porta, Angel"]
[Black "Idoate Arrazurria, Ricardo"]
[Result "1-0"]
[WhiteElo "1882"]
[BlackElo "1431"]
[PlyCount "57"]
[EventDate "2018.08.09"]
[EventType "swiss"]
[EventRounds "9"]
[EventCountry "ESP"]
[SourceTitle "CBM 186 Extra"]
[Source "ChessBase"]
[SourceDate "2018.08.24"]
[SourceVersion "1"]
[SourceVersionDate "2018.08.24"]
[SourceQuality "1"]

1. Nf3 Nf6 2. g3 e6 3. Bg2 d5 4. c4 dxc4 5. 0-0 Nc6 6. a4 Be7 7. Na3 Bxa3 8. Rxa3 0-0 9. Qc2 Na5 10. d3 cxd3 11. Rxd3 Qe7 12. b4 Nc6 13. b5 Nb4 14. Ba3 Nxc2 15. Bxe7 Re8 16. Bxf6 gxf6 17. Rc3 Nb4 18. Rxc7 Nd5 19. Rc4 Rb8 20. Rd1 Nb6 21. Rg4+ Kf8 22. a5 Nd5 23. Rc4 Bd7 24. Nd4 e5 25. Bxd5 exd4 26. Rc7 Red8 27. Rxd4 Bxb5 28. Rxf7+ Ke8 29. Re4# 1-0

[Event "Vallfogona rapid op 25th"]
[Site "Vallfogona de Balaguer"]
[Date "2017.09.17"]
[Round "2"]
[White "Movsziszian, Karen"]
[Black "Lazaro Porta, Angel"]
[Result "1-0"]
[WhiteElo "2519"]
[BlackElo "1903"]
[PlyCount "49"]
[EventDate "2017.09.17"]
[EventType "swiss (rapid)"]
[EventRounds "9"]
[EventCountry "ESP"]
[SourceTitle "CBM 180 Extra"]
[Source "ChessBase"]
[SourceDate "2017.10.06"]
[SourceVersion "1"]
[SourceVersionDate "2017.10.06"]
[SourceQuality "1"]

1. g3 Nf6 2. Bg2 e6 3. d3 d5 4. Nd2 Be7 5. e4 e5 6. exd5 Nxd5 7. Ngf3 Nc6 8. 0-0 0-0 9. Re1 Bg4 10. h3 Bxf3 11. Nxf3 Bc5 12. c3 Re8 13. Ng5 Nf6 14. Qb3 Qd7 15. Qxb7 Qf5 16. Rf1 Ne7 17. Ne4 Nxe4 18. Qxe4 Rad8 19. b4 Bb6 20. a4 a5 21. Ba3 Rxd3 22. bxa5 Rxg3 23. Qxf5 Nxf5 24. axb6 Rg6 25. Kh2 1-0

[Event "Catalunya-ch Seniors"]
[Site "Vila Seca"]
[Date "2017.05.24"]
[Round "5"]
[White "Lazaro Porta, Angel"]
[Black "Tafalla Grau, Angel"]
[Result "1-0"]
[WhiteElo "1909"]
[BlackElo "1951"]
[PlyCount "69"]
[EventDate "2017.05.20"]
[EventType "swiss"]
[EventRounds "9"]
[EventCountry "ESP"]
[SourceTitle "CBM 178 Extra"]
[Source "ChessBase"]
[SourceDate "2017.06.22"]
[SourceVersion "1"]
[SourceVersionDate "2017.06.22"]
[SourceQuality "1"]

1. Nf3 d6 2. d4 g6 3. c4 Bg7 4. Nc3 c6 5. g3 Nf6 6. Bg2 0-0 7. 0-0 Bg4 8. Qc2 Nbd7 9. h3 Bxf3 10. Bxf3 e5 11. e3 Rc8 12. Rd1 Qc7 13. Rb1 d5 14. cxd5 cxd5 15. dxe5 Qxe5 16. Qa4 Qf5 17. Bg4 Nxg4 18. hxg4 Qe6 19. Nxd5 Ne5 20. Qe4 Rcd8 21. b3 Rfe8 22. Ba3 Rd7 23. g5 Red8 24. Nf6+ Bxf6 25. Rxd7 Rxd7 26. gxf6 Qxf6 27. f4 Rd2 28. Qxe5 Qd8 29. Re1 f6 30. Qe6+ Kg7 31. Qe7+ Qxe7 32. Bxe7 Kf7 33. Bc5 Rxa2 34. Bd4 a6 35. Rc1 1-0

[Event "Catalunya-ch Seniors"]
[Site "Santa Susanna"]
[Date "2013.05.11"]
[Round "8"]
[White "Garcia Riera, Josep"]
[Black "Lazaro Porta, Angel"]
[Result "0-1"]
[WhiteElo "2054"]
[BlackElo "1896"]
[PlyCount "56"]
[EventDate "2013.05.04"]
[EventType "swiss"]
[EventRounds "9"]
[EventCountry "ESP"]
[SourceTitle "CBM 154 Extra"]
[Source "ChessBase"]
[SourceDate "2013.06.25"]
[SourceVersion "2"]
[SourceVersionDate "2013.06.25"]
[SourceQuality "1"]

1. d4 Nf6 2. c4 e6 3. Nf3 b6 4. Nc3 Bb7 5. Bg5 Bb4 6. e3 h6 7. Bh4 g5 8. Bg3 Ne4 9. Qc2 Bxc3+ 10. bxc3 Nxg3 11. hxg3 d6 12. Bd3 Qf6 13. 0-0-0 Nd7 14. e4 0-0-0 15. Rd2 e5 16. Qa4 Kb8 17. c5 dxc5 18. d5 c4 19. Qxc4 Nc5 20. Qb4 Qd6 21. Re1 f6 22. a4 a5 23. Qb2 Nxa4 24. Qa1 Nc5 25. Bc2 Ba6 26. Kd1 Bc4 27. Re3 Kb7 28. Ba4 Bb3+ 0-1

[Event "Figueres op 12th"]
[Site "Figueres"]
[Date "2011.08.18"]
[Round "9"]
[White "Parramon Ros, Francesco"]
[Black "Lazaro Porta, Angel"]
[Result "1-0"]
[WhiteElo "2042"]
[BlackElo "1970"]
[PlyCount "127"]
[EventDate "2011.08.11"]
[EventType "swiss"]
[EventRounds "9"]
[EventCountry "ESP"]
[SourceTitle "CBM 143 Extra"]
[Source "ChessBase"]
[SourceDate "2011.08.29"]
[SourceVersion "1"]
[SourceVersionDate "2011.08.29"]
[SourceQuality "1"]

1. d4 d5 2. Bf4 c5 3. e3 Nc6 4. c3 e6 5. Nd2 Bd6 6. Bg3 a6 7. Ngf3 c4 8. e4 Bxg3 9. hxg3 b5 10. Be2 Bd7 11. Qc2 Nh6 12. Nf1 Qf6 13. e5 Qe7 14. Ne3 Rb8 15. a3 Na5 16. Nd2 Nc6 17. f4 Nf5 18. Nxf5 exf5 19. Nf1 Be6 20. Ne3 Qd7 21. Kf2 Ne7 22. Rh4 Kd8 23. Rah1 h6 24. Rh5 Kc7 25. g4 g6 26. Rxh6 Rxh6 27. Rxh6 fxg4 28. g3 a5 29. Rh1 b4 30. axb4 axb4 31. Ra1 Kd8 32. Qd1 bxc3 33. bxc3 Rb2 34. Ra8+ Nc8 35. Qa1 Qb7 36. Qa5+ Ke8 37. Qa6 Qxa6 38. Rxa6 Kd7 39. Ke1 Rb3 40. Kd2 Rb2+ 41. Kd1 Rb1+ 42. Kc2 Rg1 43. Nxg4 Rxg3 44. Nf6+ Ke7 45. Ra5 Nb6 46. Ra6 Nc8 47. Kd2 Rg2 48. Ra4 Rh2 49. Ra5 Nb6 50. Rb5 Na4 51. Rb8 Bd7 52. Rb7 Nxc3 53. Rxd7+ Ke6 54. Kxc3 Rxe2 55. Rxd5 Rf2 56. Kxc4 Rxf4 57. Rd8 g5 58. Rg8 Kf5 59. Kd5 Rh4 60. Rg7 g4 61. Rxg4 Rh8 62. Rg8 Rh4 63. Rg7 Rg4 64. Nxg4 1-0

[Event "Balaguer op 16th "]
[Site "Balaguer"]
[Date "2011.07.20"]
[Round "4"]
[White "Escur Hereu, Joaquin"]
[Black "Lazaro Porta, Angel"]
[Result "0-1"]
[WhiteElo "1700"]
[BlackElo "1970"]
[PlyCount "106"]
[EventDate "2011.07.17"]
[EventType "swiss"]
[EventRounds "9"]
[EventCountry "ESP"]
[SourceTitle "CBM 143 Extra"]
[Source "ChessBase"]
[SourceDate "2011.08.29"]
[SourceVersion "1"]
[SourceVersionDate "2011.08.29"]
[SourceQuality "1"]

1. c4 b6 2. d4 Nf6 3. Nc3 e6 4. e4 Bb4 5. Bg5 h6 6. Bxf6 Qxf6 7. e5 Qe7 8. Nf3 Bb7 9. Be2 f5 10. 0-0 Nc6 11. Nd2 g5 12. a3 Bxc3 13. bxc3 0-0 14. Bf3 g4 15. Bxc6 Bxc6 16. f4 Kh7 17. Rf2 Rg8 18. Nf1 d5 19. exd6 cxd6 20. d5 exd5 21. cxd5 Bb7 22. Re2 Qf7 23. c4 Rge8 24. Raa2 Rac8 25. Rxe8 Rxe8 26. Re2 Ba6 27. Rxe8 Qxe8 28. Qc2 Kg6 29. Kf2 Qh8 30. Ne3 Bc8 31. Qc1 Qd4 32. g3 Bd7 33. Qc2 h5 34. Qa2 h4 35. Ke2 Qe4 36. Qb2 Qf3+ 37. Kd3 hxg3 38. Qh8 Qe4+ 39. Kd2 Qxf4 40. Qg8+ Kf6 41. Qf8+ Ke5 42. hxg3 Qxg3 43. Qg7+ Ke4 44. Qxd7 Qh2+ 45. Kd1 Qg1+ 46. Kc2 Qxe3 47. Qxd6 Qd3+ 48. Kb2 Qd4+ 49. Kb3 Qe5 50. Qe6 g3 51. Qg6 Kd3 52. d6 Qc3+ 53. Ka4 Qxc4# 0-1

[Event "ESP-ch Seniors 27th"]
[Site "Santa Susanna"]
[Date "2011.05.16"]
[Round "4"]
[White "Lazaro Porta, Angel"]
[Black "Montell Zabay, Albert"]
[Result "1/2-1/2"]
[WhiteElo "1980"]
[BlackElo "2074"]
[PlyCount "31"]
[EventDate "2011.05.13"]
[EventType "swiss"]
[EventRounds "9"]
[EventCountry "ESP"]
[SourceTitle "CBM 142 Extra"]
[Source "ChessBase"]
[SourceDate "2011.06.27"]
[SourceVersion "1"]
[SourceVersionDate "2011.06.27"]
[SourceQuality "1"]

1. Nf3 Nf6 2. c4 g6 3. Nc3 Bg7 4. e4 d6 5. d4 0-0 6. Be2 c5 7. 0-0 Na6 8. Kh1 b6 9. d5 e6 10. Bg5 e5 11. Qd2 Nc7 12. Ne1 a6 13. a4 Rb8 14. f3 Bd7 15. Nc2 b5 16. b3 1/2-1/2

[Event "Barcelona Catalunya op 25th"]
[Site "Barcelona"]
[Date "2011.04.23"]
[Round "8"]
[White "Lazaro Porta, Angel"]
[Black "Slimani, Abderezzak"]
[Result "1/2-1/2"]
[WhiteElo "1968"]
[BlackElo "2058"]
[PlyCount "174"]
[EventDate "2011.04.16"]
[EventType "swiss"]
[EventRounds "9"]
[EventCountry "ESP"]
[SourceTitle "CBM 142 Extra"]
[Source "ChessBase"]
[SourceDate "2011.06.27"]
[SourceVersion "1"]
[SourceVersionDate "2011.06.27"]
[SourceQuality "1"]

1. c4 e6 2. e4 d5 3. exd5 exd5 4. d4 Nf6 5. cxd5 Nxd5 6. Bc4 Be7 7. Nc3 Be6 8. Qb3 Nb6 9. Bxe6 fxe6 10. Qxe6 Qxd4 11. Nf3 Qf6 12. Qb3 N8d7 13. 0-0 Qf7 14. Qxf7+ Kxf7 15. Bf4 c6 16. Rad1 Bf6 17. Ne4 Nd5 18. Bc1 Be7 19. Neg5+ Bxg5 20. Nxg5+ Kg6 21. f4 h6 22. f5+ Kf6 23. Ne4+ Ke7 24. Rde1 Kd8 25. Nd6 Kc7 26. Ne4 Rae8 27. b3 b6 28. Bb2 Re7 29. Nc3 Ne3 30. Rf3 Rhe8 31. Rc1 Kb7 32. Nd1 Ng4 33. h3 Nge5 34. Re3 Nc5 35. Nf2 Ned7 36. Rxe7 Rxe7 37. Kf1 Rf7 38. g4 Nf6 39. Re1 Nd5 40. Ne4 Nxe4 41. Rxe4 g6 42. f6 g5 43. Re5 Rxf6+ 44. Rf5 Ne3+ 45. Kf2 Rxf5+ 46. gxf5 Nxf5 47. Kf3 Kc7 48. Kg4 Ne3+ 49. Kh5 Nd1 50. Bg7 Nf2 51. Bxh6 Nxh3 52. Kg4 Nf2+ 53. Kxg5 Ne4+ 54. Kf5 Nc3 55. a3 Kd6 56. Bg7 Ne2 57. Ke4 Ng3+ 58. Kd3 Nf5 59. Bc3 Kd5 60. Bf6 Nd6 61. Bg7 Ne4 62. Kc2 a5 63. a4 c5 64. Kd3 Nf2+ 65. Ke2 Ne4 66. Kd3 Nd6 67. Kc3 c4 68. bxc4+ Nxc4 69. Bf8 Ne3 70. Bh6 Nf5 71. Bf4 Ne7 72. Be3 Kc6 73. Kc4 Nd5 74. Bd4 Nf4 75. Be3 Nd5 76. Bd4 Nb4 77. Bc3 Na6 78. Kb3 Nc5+ 79. Ka3 Kd5 80. Bf6 Nd7 81. Bd8 Kc4 82. Bc7 Kc5 83. Bf4 Kc6 84. Bg5 Nc5 85. Bd8 Kd5 86. Kb2 Nd3+ 87. Ka3 Kc6 1/2-1/2

[Event "Figueres op 11th"]
[Site "Figueres"]
[Date "2010.08.12"]
[Round "2"]
[White "Lazaro Porta, Angel"]
[Black "Cuadras Avellana, Jordi"]
[Result "1/2-1/2"]
[WhiteElo "1974"]
[BlackElo "2305"]
[PlyCount "98"]
[EventDate "2010.08.11"]
[EventType "swiss"]
[EventRounds "9"]
[EventCountry "ESP"]
[SourceTitle "CBM 137 Extra"]
[Source "ChessBase"]
[SourceDate "2010.09.01"]
[SourceVersion "1"]
[SourceVersionDate "2010.09.01"]
[SourceQuality "1"]

1. c4 Nf6 2. Nf3 b6 3. Nc3 Bb7 4. Qc2 c5 5. e4 Nc6 6. d3 e6 7. Bg5 Be7 8. Be2 0-0 9. 0-0 a6 10. a3 Rc8 11. Rfe1 h6 12. Bh4 Nh5 13. Bxe7 Nxe7 14. g3 Ng6 15. Qd2 f5 16. Nh4 Nxh4 17. Bxh5 fxe4 18. Nxe4 Nf5 19. Rab1 d5 20. cxd5 exd5 21. Nc3 Qf6 22. Qf4 c4 23. Re5 cxd3 24. Nxd5 Bxd5 25. Rxd5 Rcd8 26. Qc4 Qe6 27. Rc5 Qxc4 28. Rxc4 Rd6 29. Rd1 d2 30. Rc2 Rfd8 31. Kg2 b5 32. Bg4 Ne7 33. Bf3 Kf7 34. Be4 Ke6 35. f3 Ng8 36. Rc6 Nf6 37. Rxd6+ Rxd6 38. Kf2 Nxe4+ 39. fxe4 Ke5 40. Ke3 h5 41. Rxd2 Rxd2 42. Kxd2 Kxe4 43. Ke2 a5 44. b3 g5 45. h3 g4 46. h4 b4 47. a4 Kd4 48. Kd2 Ke4 49. Ke2 Kd4 1/2-1/2